2026 NFL Draft Prospects Top 100 - Statistics

General Stats
  • This quiz has been taken 57 times
    27 since last reset
  • The average score is 57 of 100
Answer Stats
# School Pos. Answer % Correct
2 Ohio State LB Arvell Reese
100%
8 Ohio State S Caleb Downs
100%
10 Ohio State WR Carnell Tate
100%
46 San Diego State CB Chris Johnson
100%
6 Texas Tech EDGE David Bailey
100%
31 Washington WR Denzel Boston
100%
1 Indiana QB Fernando Mendoza
100%
3 Notre Dame HB Jeremiyah Love
100%
15 USC WR Makai Lemon
100%
5 Miami (FL) EDGE Rueben Bain Jr.
100%
4 Ohio State LB Sonny Styles
100%
17 Tennessee CB Jermod McCoy
93%
19 Arizona State WR Jordyn Tyson
93%
14 Oregon TE Kenyon Sadiq
93%
9 LSU CB Mansoor Delane
93%
12 Utah T Spencer Fano
93%
11 Oregon S Dillon Thieneman
86%
7 Miami (FL) T Francis Mauigoa
86%
24 Indiana WR Omar Cooper Jr.
86%
42 Alabama QB Ty Simpson
86%
23 Clemson CB Avieon Terrell
79%
38 Utah T Caleb Lomu
79%
56 Notre Dame HB Jadarian Price
79%
28 Ohio State DL Kayden McDonald
79%
20 Miami (FL) EDGE Akheem Mesidor
71%
25 Clemson T Blake Miller
71%
32 Florida DL Caleb Banks
71%
26 Texas A&M EDGE Cashius Howell
71%
58 Tennessee WR Chris Brazzell II
71%
37 Georgia DL Christen Miller
71%
34 Tennessee CB Colton Hood
71%
43 Indiana CB D'Angelo Ponds
71%
73 Indiana WR Elijah Sarratt
71%
21 Toledo S Emmanuel McNeil-Warren
71%
27 Alabama T Kadyn Proctor
71%
35 Texas A&M WR KC Concepcion
71%
13 Georgia T Monroe Freeling
71%
29 Clemson EDGE T.J. Parker
71%
75 Georgia WR Zachariah Branch
71%
69 Clemson WR Antonio Williams
64%
44 Louisville WR Chris Bell
64%
53 Vanderbilt TE Eli Stowers
64%
45 Texas Tech LB Jacob Rodriguez
64%
22 Auburn EDGE Keldric Faulk
64%
33 Clemson DL Peter Woods
64%
60 UConn WR Skyler Bell
64%
40 Missouri ED Zion Young
64%
18 Georgia LB CJ Allen
57%
96 Penn State QB Drew Allar
57%
93 LSU QB Garrett Nussmeier
57%
49 Alabama WR Germie Bernard
57%
100 Notre Dame WR Malachi Fields
57%
30 Arizona State T Max Iheanachor
57%
16 Penn State G Olaivavega Ioane
57%
98 Arizona S Genesis Smith
50%
39 Texas Tech DL Lee Hunter
50%
71 Arkansas HB Mike Washington Jr.
50%
47 Oklahoma EDGE R Mason Thomas
50%
86 Texas LB Anthony Hill Jr.
43%
41 South Carolina CB Brandon Cisse
43%
48 Texas A&M G Chase Bisontis
43%
80 Auburn C Connor Lew
43%
78 Oklahoma WR Deion Burks
43%
36 Oregon G Emmanuel Pregnon
43%
99 Washington HB Jonah Coleman
43%
81 Pitt LB Kyle Louis
43%
54 UCF EDGE Malachi Lawrence
43%
76 Ohio State TE Max Klare
43%
77 Texas Tech EDGE Romello Height
43%
52 LSU S A.J. Haulcy
36%
68 Ohio State CB Davison Igbinosun
36%
65 Michigan EDGE Derrick Moore
36%
85 Florida CB Devin Moore
36%
51 Illinois EDGE Gabe Jacas
36%
57 Iowa T Gennings Dunker
36%
59 Cincinnati LB Jake Golday
36%
66 Missouri LB Josiah Trotter
36%
55 Miami (FL) CB Keionte Scott
36%
50 Arizona State CB Keith Abney II
36%
74 Georgia Tech G Keylan Rutledge
36%
91 Alabama EDGE LT Overton
36%
64 Northwestern T Caleb Tiernan
29%
79 Florida State DL Darrell Jackson Jr.
29%
90 Florida C Jake Slaughter
29%
63 Tennessee EDGE Joshua Josephs
29%
95 Iowa C Logan Jones
29%
87 Stanford TE Sam Roush
29%
62 North Dakota State WR Bryce Lance
21%
67 Penn State EDGE Dani Dennis-Sutton
21%
72 Iowa State DL Domonique Orange
21%
82 USC S Kamari Ramsey
21%
92 Auburn EDGE Keyron Crawford
21%
97 Georgia State WR Ted Hurst
21%
61 Arizona CB Treydan Stukes
21%
83 Duke CB Chandler Rivers
14%
89 Georgia CB Daylen Everette
14%
70 Oklahoma DL Gracen Halton
14%
84 Kansas State C Sam Hecht
14%
88 Kentucky G Jalen Farmer
7%
94 Michigan DL Rayshaun Benny
7%
No matching quizzes found
Score Distribution
Percent of People with Each Score
Percentile by Number Answered
Your Score History
You have not taken this quiz since the last reset